| 000 | 00379nam a2200145Ia 4500 | ||
|---|---|---|---|
| 008 | 191201s2011 xx 000 0 und d | ||
| 082 |
_a624.18 _bHAC |
||
| 100 | _aHASAN, Syed Danish | ||
| 245 | 0 | _aCivil Engineering Materials and Their Testing | |
| 250 | _aRep | ||
| 260 |
_aN. Delhi _bNarosa Publication House _c2011 |
||
| 300 | _a124 | ||
| 650 | _aB.Tech(CE) | ||
| 942 |
_2ddc _cBK |
||
| 999 |
_c5405 _d5405 |
||